000
00342 a2200145 4500
999
_c
13686
_d
13686
003
OSt
005
20260411115623.0
008
260411b ||||| |||| 00| 0 eng d
020
_a
9789881296757
082
_a
711.4
100
_a
Tiago Do Vale
245
_a
Urban Complex
260
_b
Design Media Publishing Limited;
_c
2014
942
_2
ddc